000 00744ngm a22003010a 4500
001 PT16702
003 AR-LpoUNG
005 20210202000232.0
007 vd cvaizq
008 191001s[197||||ag |||||||||||||||||spa d
020 _a19750000
_c$9.96
040 _aAR-LpoUNG
_bspa
_cAR-LpoUNG
_eaacr
041 _aspa
082 0 _a792.5 499fla
100 1 _aBergman, Ingmar
_edir.
245 1 3 _aLa flauta mágica
260 _as.l. :
_bs.n.,
_cs.f.
300 _aVHS (130 min.) : son., col.
520 _aOpera de Wolfgang Amadeus Mozzart.
650 4 _aARTES
650 4 _aARTES DRAMATICAS
650 4 _aMUSICA
650 4 _aTEATRO
653 _aVIDEOS
700 1 _aReutersward, Mans
_eprod.
905 _a16702
942 _cVIDEO
999 _c54396
_d54396